| 000 | 00958nam a2200265 i 4500 | ||
|---|---|---|---|
| 001 | 000026645 | ||
| 003 | DO-SdBNP | ||
| 005 | 20240917092120.0 | ||
| 007 | ta | ||
| 008 | 110324s1986 dr ac 000 0 spa d | ||
| 040 |
_aDO-SdBNP _bspa _cBNPHU _erda |
||
| 082 | 4 |
_bB446c _222 |
|
| 100 | 1 |
_aBello Peguero, Rafael, _eautor _d1932-2022 _92405 _4aut. |
|
| 245 | 1 | 0 |
_aCabildo Honorario de la Catedral de Santo Domingo / _cRafael Bello Peguero ; presentación, Juan F. Pepén. |
| 264 | 1 |
_aSanto Domingo : _bEditora Amigo del Hogar, _c1986. |
|
| 300 |
_a172 páginas _bilustraciones, retratos _c22 cm. |
||
| 336 |
_atexto _btxt _2rdacontent |
||
| 337 |
_asin mediación _bn _2rdamedia |
||
| 338 |
_avolumen _bnc _2rdacarrier |
||
| 500 | _aIncluye datos biografícos del autor en la solapa de la cubierta. | ||
| 590 | _aInventariado, 2023/ YL | ||
| 700 | 1 |
_aPepén, Juan F., _q (Juan Felix) _913174 _epresentación _4prest. |
|
| 910 | _aYLockward | ||
| 942 |
_2ddc _cLBS1 |
||
| 999 |
_c26137 _d26137 |
||